LEADER 01250nam a2200289 a 4500 001 000000126561 003 CaOOAMICUS 005 20111019111226.0 008 111019s2011 gw u000 u ger r 020 $a978-3-451-02241-8 040 $aPUL$bita 245 00$aZukunftshorizonte Katholischer Sexualethik /$cHrsg. von Konrad Hilpert. 260 $aFreiburg im Breisgau :$bHerder,$cİ2011. 300 $a520 p. ;$c22 cm 490 1 $aQuaestiones disputatae ;$v241 504 $aInclude riferimenti bibliografici ed indice. 650 4$aEtica sessuale.$0(OLS)http://pul/subject/9802 650 4$aSesso$xAspetti morali e religiosi.$0(OLS)http://pul/subject/6711 700 1 $aHilpert, Konrad.$0(OLS)http://pul/name/59411 830 0$aQuaestiones disputatae ;$v241.$0(OLS)http://pul/title/4920 850 $aPUL 852 $aPUL$W1$xSL Religione 2$y84$mTheol A6 241$j146330$qStampati Altre Collocazioni$B145041$CPULBib$Z2$F145041 $H118058 $82 941 1 $a10 996 $6020$a978-3-451-02241-8$9(OLS)http://pul/number/148144 996 $6245$aZukunftshorizonte Katholischer Sexualethik$9(OLS)http://pul/title/159846 996 $6260$aFreiburg im Breisgau :$bHerder$9(OLS)http://pul/publisher/48772 LEADER 01203nam a2200277 u 4500 001 000000057180 003 CaOOAMICUS 005 20110606095940.0 008 010503s1998 it u000 u ita u 020 $a8802057745 035 $a10886980 040 $aPUL(R)$bita 100 1 $aAbbagnano, Nicola,$d1901-1990.$0(OLS)http://pul/name/5565 245 10$aDizionario di filosofia /$cNicola Abbagnano ; terza edizione aggiornata e ampliata da Giovanni Fornero. 250 $a3. ed. 260 $aTorino :$bUnione Tipografico-Editrice Torinese,$c1998. 300 $aviii, 1173 p. ;$c29 cm 650 4$aFilosofia$xDizionari$xLingua italiana.$0(OLS)http://pul/subject/5272 700 1 $aFornero, Giovanni.$0(OLS)http://pul/name/7698 850 $aPUL 852 $aPUL$W1$xSL Cons. Gen., Altre Classi 1$y1$m2015 D 49$j173429$nBK-PRI$b $qStampati$B74851$CPULBib$Z2$F74851 $H78054 $81 941 1 $a8 961 $aPrecedente collocazione: 103 ABBNI 1 996 $6020$a8802057745$9(OLS)http://pul/number/72212 996 $6245$aDizionario di filosofia$9(OLS)http://pul/title/8476 996 $6260$aTorino :$bUnione Tipografico-Editrice Torinese$9(OLS)http://pul/publisher/48798